000 00635nam a22002057a 4500
999 _c169280
_d169280
003 dpl
005 20191113145723.0
008 191113b ||||| |||| 00| 0 eng d
010 _aB-031781
020 _a81-260-1157-2
035 _aB-031781
040 _c0
100 _aMalik,Syed Abdul
_d2001
245 _aLonging For Sunshine
_bSurya Mukheer Swapna
_cSyed Abdul Malik & Translated By Pradip Acharya
_hEnglsih
260 _aNew Delhi
_bSahitya Akademi Rabindra Bhavan ,35 Ferozeshah Road
_c2001
300 _a171p.
_c20cms
_g20cms
500 _aGlossary
700 _aAcharya, Pradip
942 _2ddc
_cEN
_hN
_iMAL
_kN
_mMAL